000 01905nam a2200433 a 4500
999 _c195935
_d195935
003 BLK
005 20241029142150.0
008 180411b bul|||||r ||||||| ||bul||
010 _aKNG00205190000
020 _a978-954-398-458-9
040 _aBLK
041 _cbu
_abu
072 7 _2bullib
_aН92
_xИстория Н
080 _aИстория на Гърция (до 323 г. н. е.). Древна Гърция
_b94(38)
_z94(38)
100 1 _aМосе, Клод
_eпърви автор
_9347224
139 _aМосе, Клод и др.
_bМ 91
245 1 0 _aКратка история на древна Гърция
_bОт началото на второто хилядолетие пр. Христа до битката при Акциум
_cКлод Мосе; съавт. Ани Шнап-Гурбейон; прев. Гергана Соколова.
257 _aFRA
260 _bТруд
_c2016
_fБлагоевград : Смилков
300 _a341 с.
_bс ил., к.
_c24 см
380 _a9
500 _aОриг. загл. Precis d'histoire Grecque - Du debut du deuxieme millenaire a la bataille d'Actium / Claude Mosse, Annie Schnapp-Gourbeillon. - Библиогр. с. 357-369. - Азб. показалец.
650 4 _aДревна Гърция - история
_9244549
651 4 _aДревна Гърция
_9242869
653 _aДревна Гърция
653 _aантична история
659 _aН
700 1 _aШнап-Гурбейон, Ани
_eсъавт.
_9143831
700 1 _aСоколова, Гергана
_eпрев.
_9385489
852 _aЦб 285220
856 4 _qpdf
856 4 _qpdf
942 _cKNG
_n0
_07
944 _aCR
_c19.04.2017
_lМинев Младен
_k30530
944 _aED
_c30.05.2017
_lф /
_kПенка_Димитрова
999 _d195935
999 _d195935
999 _d195935